The secret's in the folding / (Record no. 225)

MARC details
000 -LEADER
fixed length control field 00664cam a22002418a 4500
001 - CONTROL NUMBER
control field 4471567
005 - DATE AND TIME OF LATEST TRANSACTION
control field 20200421093823.0
008 - FIXED-LENGTH DATA ELEMENTS--GENERAL INFORMATION
fixed length control field 101110s2010 enk 000|j eng|d
015 ## - NATIONAL BIBLIOGRAPHY NUMBER
National bibliography number GBB0D7305
Source bnb
020 ## - INTERNATIONAL STANDARD BOOK NUMBER
International Standard Book Number 9780956005366 (pbk.) :
Terms of availability £8.99
020 ## - INTERNATIONAL STANDARD BOOK NUMBER
International Standard Book Number 0956005365 (pbk.) :
Terms of availability £8.99
035 ## - SYSTEM CONTROL NUMBER
System control number (Uk)015696841
035 ## - SYSTEM CONTROL NUMBER
System control number 2408245
040 ## - CATALOGING SOURCE
Original cataloging agency StDuBDS
Language of cataloging eng
Transcribing agency StDuBDS
082 04 - DEWEY DECIMAL CLASSIFICATION NUMBER
Classification number 823.92
Edition information 22
100 1# - MAIN ENTRY--PERSONAL NAME
Personal name Thackeray, Fiona.
9 (RLIN) 461
245 14 - TITLE STATEMENT
Title The secret's in the folding /
Statement of responsibility, etc. Fiona Thackeray.
260 ## - PUBLICATION, DISTRIBUTION, ETC.
Place of publication, distribution, etc. Nottingham :
Name of publisher, distributor, etc. Pewter Rose,
Date of publication, distribution, etc. 2010.
263 ## - PROJECTED PUBLICATION DATE
Projected publication date 201011
300 ## - PHYSICAL DESCRIPTION
Extent 1 v. ;
Dimensions 22 cm.
651 #0 - SUBJECT ADDED ENTRY--GEOGRAPHIC NAME
Geographic name Brazil
Form subdivision Fiction.
9 (RLIN) 1017
942 ## - ADDED ENTRY ELEMENTS (KOHA)
Source of classification or shelving scheme Dewey Decimal Classification
Koha item type Books
Holdings
Withdrawn status Lost status Damaged status Not for loan Collection Home library Current library Shelving location Date acquired Barcode Date last seen Price effective from Koha item type
        Reference Centerville Centerville General stacks 09/04/2014 39999000009675 09/04/2014 09/04/2014 Books
        Reference Centerville Centerville General stacks 09/04/2014 39999000009699 09/04/2014 09/04/2014 Books
        Reference Midway Midway General stacks 09/04/2014 39999000009637 09/04/2014 09/04/2014 Books
        Reference Midway Midway General stacks 09/04/2014 39999000009651 09/04/2014 09/04/2014 Books